00925cam a2200265 i 4500008004100000020003000041040001600071100002500087245014200112250002000254264005100274300002700325336002600352337002800378338002700406504004100433500002000474650003100494650004500525650003200570700001800602700002100620003000100641005001700642  a9780190916510 (paperback) aNUST cNUST1 aGrinnell, Richard M.10aProgram Evaluation for Social Workers :bfoundations of evidence-based programs /cGrinnell Richard M., Gabor Peter and Unrau, Yvonne A. aEighth edition. 1aNew York, NY :bOxford University Press,c2019 axi, 451 pages ;c26 cm atextbtxt2rdacontent aunmediatedbn2rdamedia avolumebnc2rdacarrier aIncludes bibliographical references. aIncludes index. 0aHuman servicesxEvaluation 0aHuman servicesxEvaluationvCase studies 0aSocial work administration.1 aGabor, Peter.1 aUnrau, Yvonne A.20230120204339.0